000 00486nam a2200217Ia 4500
003 OSt
005 20221007082612.0
006 a|||||r|||| 00| 0
007 ta
008 221006b |||||||| |||| 00| 0 eng d
024 _a28,391
037 _cTextual
040 _aFLL
_cFLL
_beng
041 _2eng
_aeng
082 _aZ1
100 _aStarke J.G
245 0 _aInternational Law
260 _c9999
942 _hZ1
_cTEXL
_2CC
999 _c1167027
_d1167027